000 01026nam a2200241 i 4500
001 172101
003 ES-MaACL
005 20250923160859.0
008 090615s1993 sp abf |||| | spa d
020 _a84-7914-095-X
100 1 _aVelasco Bayón, Balbino.
_9113745
245 1 4 _aLos Carmelitas
_b: historia de la Orden del Carmen.
_nIV,
_pEl Carmelo español (1260-1980) /
_cBalbino Velasco Bayón ; prólogo de Antonio Rumeu de Armas.
260 _aMadrid :
_bBiblioteca de Autores Cristianos,
_c1993.
300 _aXLVI, 557 p., [30] p. de lám. :
_bmap., il. ;
_c20 cm.
490 1 _aBiblioteca de Autores Cristianos ;
_v532
504 _aBibliografía : p. [XXXI]-XLVI.
536 _aObra patrocinada por la Conferencia de Superiores y Superioras Mayores Carmelitas de la Región Ibérica
610 2 _aCarmelitas-
_vHistoria.
_92444
700 1 _aRumeu de Armas, Antonio,
_d1912-2006
_9100991
830 0 0 _aBiblioteca de autores cristianos
_v532
_9178679
852 _aES-MaACL
_jJ-519
999 _c172101
_d172101